000 00308nam a2200133Ia 4500
100 _aZimmerman/ M.W. ed
942 _cBK
654 _aDecorating bedrooms
245 _aRemodelling and Decorating Bedrooms
260 _bLane Pub.
_aCalifornia
_c1980
082 _a747.77
300 _a80
546 _aENGLISH
999 _c30786
_d30786